R (Anti-Waste Ltd) V Environment Agency (Record no. 78794)

MARC details
000 -LEADER
fixed length control field 01599cad a22002415a 4500
001 - CONTROL NUMBER
control field L138124
008 - FIXED-LENGTH DATA ELEMENTS--GENERAL INFORMATION
fixed length control field 070517s2007 xxk f w 000 0 eng d
035 ## - SYSTEM CONTROL NUMBER
System control number (Sirsi) u138124
041 0# - LANGUAGE CODE
Language code of text/sound track or separate title eng
245 00 - TITLE STATEMENT
Title R (Anti-Waste Ltd) V Environment Agency
Medium [electronic resource]
260 ## - PUBLICATION, DISTRIBUTION, ETC.
Date of publication, distribution, etc. 2007
520 ## - SUMMARY, ETC.
Summary, etc. [2007] EWHC 717 (Admin), 4 April 2007. Considers whether the procedure of piggybacking waste, where a cell of waste is deposited on a site already partly occupied by another, is lawful. The defendant had refused permission. The appellant contended that it was a lawful procedure providing there was no danger of pollution from either the old or the new waste cell. "Held": It was found that the piggybacking of waste cells was acceptable only if it could be demonstrated that there was no risk of pollution from either cell of waste. The concern of the waste affecting groundwater did not enter this case for consideration but it was held that this would constitute a risk of pollution if present. The appeal was upheld.
590 ## - LOCAL NOTE (RLIN)
Local note KA
650 24 - SUBJECT ADDED ENTRY--TOPICAL TERM
Topical term or geographic name entry element R (ANTI-WASTE LTD) V ENVIRONMENT AGENCY
650 24 - SUBJECT ADDED ENTRY--TOPICAL TERM
Topical term or geographic name entry element DIRECTIVE 1996/61/EC
650 24 - SUBJECT ADDED ENTRY--TOPICAL TERM
Topical term or geographic name entry element POLLUTION PREVENTION AND CONTROL (ENGLAND AND WALES) REGULATIONS 2000
650 24 - SUBJECT ADDED ENTRY--TOPICAL TERM
Topical term or geographic name entry element LANDFILL (ENGLAND AND WALES) REGULATIONS 2002
650 24 - SUBJECT ADDED ENTRY--TOPICAL TERM
Topical term or geographic name entry element BLACKLAND PARK EXPLORATION LTD V ENVIRONMENT AGENCY
651 #4 - SUBJECT ADDED ENTRY--GEOGRAPHIC NAME
Geographic name England and Wales
Chronological subdivision 1543-
690 ## - LOCAL SUBJECT ADDED ENTRY--TOPICAL TERM (OCLC, RLIN)
Topical term or geographic name as entry element ENVIRONMENTAL AND LAND CONSULTANCY-WASTE MANAGEMENT
856 40 - ELECTRONIC LOCATION AND ACCESS
Uniform Resource Identifier <a href="https://www.bailii.org/ew/cases/EWHC/Admin/2007/717.html">https://www.bailii.org/ew/cases/EWHC/Admin/2007/717.html</a>
Public note View the article free of charge at www.bailii.org...
942 ## - ADDED ENTRY ELEMENTS (KOHA)
Suppress in OPAC 0
Holdings
Withdrawn status Lost status Source of classification or shelving scheme Damaged status Not for loan Home library Current library Shelving location Date acquired Total Checkouts Full call number Barcode Date last seen Copy number Price effective from Koha item type
    Dewey Decimal Classification     Virtual Virtual Online 17/05/2007   ONLINE PUBLICATION 138124-1001 06/08/2019 1 06/08/2019 Journal article